Nicaraguita /

Hlavní autor: Dobrzyński, Roman, 1937-2025
Jazyk: Polština
Vydáno: Szczecin : Glob, 1984
Vydání: 1. wyd.
Fyzický popis: 143 s., fot. příl.
Knihy
Uloženo v:
LEADER 00626nam a22002172a 4500
001 000871324
003 CZ BrMZK
005 20071018074547.0
007 ta
008 071018s1984 pl af er|||||||||||pol d
040 |a BOA001  |b cze 
080 9 |a 884-91(728.5) 
100 1 |a Dobrzyński, Roman,  |d 1937-2025  |7 mzk2005294853  |4 aut 
245 1 0 |a Nicaraguita /  |c Roman Dobrzyński 
250 |a 1. wyd. 
260 |a Szczecin :  |b Glob,  |c 1984 
300 |a 143 s., fot. příl. 
910 |a BOA001  |b 1-0886.611 
990 |a BK 
991 |b 200710 
996 7 |b 2619593603  |c 1-0886.611  |l MZK  |r Sklad / do 1 hodiny  |n 0  |w 000871324  |u 000010  |a 1  |e BOA001  |j MZK50  |s A